000 00651nam a2200217 a 4500
001 001107600
003 AM-YeHGA
005 20250617151722.0
008 151021s1922 fr r 000 0 fre d
040 _aAM-YeHGA
041 0 _afre
100 1 _aRousseau, Jean-Jacques,
_d1712-1778
245 1 0 _aDu contrat social /
_cJean-Jacques Rousseau; PubliƩ avec un introd. et des notes explicatives par Georges Beaulavon/.
250 _a3e ed.,rev. et corr.
260 _aParis :
_bF. Rieder et Cie,
_c1922.
300 _a316 p.
650 1 4 _aPolitical science
650 1 4 _aSocial contract
700 1 _aBeaulavon, Georges
_4aft
090 _c358635
999 _c356815
_d356815